Bayern Munich players' nationalities - Statistics

General Stats
  • This quiz has been taken 118 times
  • The average score is 35 of 46
Answer Stats
Player with most appearances Nation % Correct
David Alaba (431) Austria
100%
Franck Ribery (425) France
100%
Robert Lewandowski (355) Poland
99%
Arjen Robben (309) Netherlands
98%
Giovane Elber, Rafinha (266) Brazil
96%
Sepp Maier (666) Germany
95%
Javi Martinez (268) Spain
95%
Alphonso Davies (109) Canada
92%
Luca Toni (89) Italy
92%
James Rodriguez (67) Colombia
91%
Renato Sanches (53) Portugal
90%
Martin Demichelis (259) Argentina
89%
Owen Hargreaves (218) England
89%
Robert Kovac (144) Croatia
88%
Arturo Vidal (124) Chile
87%
Daniel Van Buyten (239) Belgium
85%
Anatoliy Tymoshchuk (132) Ukraine
84%
Claudio Pizarro (327) Peru
83%
Hasan Salihamidzic (365) Bosnia and Herzegovina
82%
Medhi Benatia (46) Morocco
82%
Eric Maxim Choupo-Moting (44) Cameroon
80%
Takashi Usami (5) Japan
80%
Branko Oblak (90) Slovenia
80%
Woo-Yeong Jeong (2) South Korea
80%
Erland Johnsen (29) Norway
78%
Conny Torstensson (119) Sweden
78%
Hamit Altintop (109) Turkey
78%
Bouna Sarr (25) Senegal
77%
Johnny Hansen (232) Denmark
75%
Alan McInally (56) Scotland
74%
Anton Vuckov, Milos Pantovic (1) Serbia
74%
Ciriaco Sforza (101) Switzerland
72%
Samuel Kuffour (277) Ghana
70%
Pasi Rautiainen (1) Finland
69%
Asgeir Singurvinsson (25) Iceland
65%
Ali Karimi (42) Iran
65%
Mark Hughes (23) Wales
61%
Roque Santa Cruz (238) Paraguay
60%
Wolfgang Suhnholz (36) United States
56%
Emil Kostadinov (35) Bulgaria
51%
David Jarolim (3) Czech Republic
51%
Arpad Fazekas (1) Hungary
46%
Sarpreet Singh (2) New Zealand
40%
Daniels Ontuzans (1) Latvia
33%
Pablo Thiam (28) Guinea
22%
Andrew Sinkala (2) Zambia
15%
No matching quizzes found
Score Distribution
Percent of People with Each Score
Percentile by Number Answered
Your Score History
You have not taken this quiz